01539nam a2200349 a 4500001001000000003000500010005001700015008004100032010001100073011001100084040000900095090001000104100004200114245018100156260004100337500006000378502011200438590004100550590004000591590004000631650003800671650003300709650002800742650003100770856007000801901000700871942001000878942000600888999001900894952014000913952013601053000111821CHAP20220329144230.0150921s2015 mx a fsm |||||||spa d a108282 a109254 cCHAP aTesis1 aVargas López, María Elena912978810aAnálisis del índice de ventaja comparativa revelada de la fresa de México en los mercados de exportación de 1994 - 2011h[En línea]cpor María Elena Vargas López. aChapingo, Méx. :bEl autor,c2015. aPara ver el contenido del material haga clic en la liga aTesis (Ing. Agr. Esp. en Economía Agrícola) -- UACH. División de Ciencias Económico Administrativas aE11695DGDb10c20150923lUCH01h0920 aE6096MTMb05c20150921lUCH01h1219 aE6096MTMb05c20150921lUCH01h122214aCompetencia internacional.92609314aFresaxExportación.94320614aFresaxMercadeo.94322114aFresaxRendimiento.943232 aFinding aiduhttp://10.13.5.2/tesis/sist111821.pdfzTeclea aquí aBK cTESIS n0 c108282d108282 00102local4053708TESISaBCbBCcPA_TESISd2015-09-21fTESISl0oTesisp33724002507231r2019-12-31 00:00:00tc.2w2019-12-31yTESIS 00104054718TESISaBCbBCd2015-09-21fTESISl0oTesisp33724002507272r2019-12-31 00:00:00w2019-12-31yTESISzRecien adquirido